<?xml version="1.0" encoding="UTF-8"?>
<record
    xmlns:xsi="http://www.w3.org/2001/XMLSchema-instance"
    xsi:schemaLocation="http://www.loc.gov/MARC21/slim http://www.loc.gov/standards/marcxml/schema/MARC21slim.xsd"
    xmlns="http://www.loc.gov/MARC21/slim">

  <leader>01162    a2200229   4500</leader>
  <controlfield tag="003">Nust</controlfield>
  <controlfield tag="005">20220817110639.0</controlfield>
  <datafield tag="010" ind1=" " ind2=" ">
    <subfield code="a">   94032576</subfield>
  </datafield>
  <datafield tag="020" ind1=" " ind2=" ">
    <subfield code="a">0805316779</subfield>
  </datafield>
  <datafield tag="040" ind1=" " ind2=" ">
    <subfield code="c">Nust</subfield>
  </datafield>
  <datafield tag="082" ind1="0" ind2="0">
    <subfield code="a">005.133,KEL</subfield>
  </datafield>
  <datafield tag="100" ind1="1" ind2=" ">
    <subfield code="a">Kelley, Al.</subfield>
    <subfield code="9">97630</subfield>
  </datafield>
  <datafield tag="245" ind1="1" ind2="2">
    <subfield code="a">A book on C :</subfield>
    <subfield code="b">programming in C / </subfield>
    <subfield code="c">Al Kelley, Ira Pohl.</subfield>
  </datafield>
  <datafield tag="250" ind1=" " ind2=" ">
    <subfield code="a">3rd ed.</subfield>
  </datafield>
  <datafield tag="260" ind1=" " ind2=" ">
    <subfield code="a">Redwood City, Calif. :</subfield>
    <subfield code="b">Benjamin Cummings Pub. Co.,</subfield>
    <subfield code="c">c1995.</subfield>
  </datafield>
  <datafield tag="300" ind1=" " ind2=" ">
    <subfield code="a">xix, 636 p. :</subfield>
    <subfield code="b">ill. ;</subfield>
    <subfield code="c">24 cm.</subfield>
  </datafield>
  <datafield tag="500" ind1=" " ind2=" ">
    <subfield code="a">.</subfield>
  </datafield>
  <datafield tag="505" ind1=" " ind2=" ">
    <subfield code="a">Starting from Zero (Page-1), An Overview of C (Page-4), Lexical Elements, Operators, and the C System (Page-65), The Fundamental Data Types (Page-99), Flow of Control (Page-134), Functions (Page-177), Arrays, Pointers, and Strings (Page-220), Bitwise Operators and Enumeration Types (Page-293), The Preprocessor (Page-232), Structures and Unions (Page-363), Structures and List Processing (Page-401), Input/output and the Operating System (Page-447), Advanced Applications(Page-504), Moving from C to C++ (Page-541), Moving from C to Java (Page-568).</subfield>
  </datafield>
  <datafield tag="650" ind1=" " ind2="0">
    <subfield code="a">C (Computer program language)</subfield>
    <subfield code="9">1226</subfield>
  </datafield>
  <datafield tag="700" ind1="1" ind2=" ">
    <subfield code="a">Pohl, Ira.</subfield>
  </datafield>
  <datafield tag="942" ind1=" " ind2=" ">
    <subfield code="2">ddc</subfield>
    <subfield code="c">BK</subfield>
    <subfield code="k">005.133,KEL</subfield>
  </datafield>
  <datafield tag="999" ind1=" " ind2=" ">
    <subfield code="c">188286</subfield>
    <subfield code="d">188286</subfield>
  </datafield>
  <datafield tag="952" ind1=" " ind2=" ">
    <subfield code="0">0</subfield>
    <subfield code="1">0</subfield>
    <subfield code="2">ddc</subfield>
    <subfield code="4">0</subfield>
    <subfield code="7">0</subfield>
    <subfield code="a">MCS</subfield>
    <subfield code="b">MCS</subfield>
    <subfield code="c">GEN</subfield>
    <subfield code="d">2016-12-12</subfield>
    <subfield code="l">1</subfield>
    <subfield code="o">005.133,KEL</subfield>
    <subfield code="p">MCS26623</subfield>
    <subfield code="r">2023-03-27</subfield>
    <subfield code="s">2023-03-15</subfield>
    <subfield code="w">2016-12-12</subfield>
    <subfield code="y">BK</subfield>
    <subfield code="z">Almirah No.4, Shelf No.6</subfield>
  </datafield>
</record>
